000 00665cab a2200217 4500
001 WB3117-14
008 090401t1995 xxu||||| |||| 00| 0 eng d
035 _a(Sirsi) u61215
041 _aeng
245 _aEast meets West
260 _c1995
350 _a0
490 _aHerald
_v4 May 1995, 8(1)
520 _aGlasgow and Edinburgh are facing a shortage of new office space according to the latest "Scottish industrial and commercial property review " published by Ryden.
650 _aFLOOR SPACE
650 _aOFFICES
650 _aSCOTLAND
690 _aPROPERTY-COMMERCIAL PROPERTY-COMMERCIAL PROPERTY MARKET
942 _n0
948 _c04/03/1997
999 _c37877
_d37877